Mitochondrial evidence for genetic diversity and low phylogeographic differentiation in the Marsh Warbler Acrocephalus palustris (Aves: Acrocephalidae)
Saved in:
| Main Authors: | , , |
|---|---|
| Format: | Article (Journal) |
| Language: | English |
| Published: |
2014
|
| In: |
Organisms, diversity & evolution
Year: 2014, Volume: 14, Issue: 4, Pages: 409-417-9 |
| ISSN: | 1618-1077 |
| Online Access: | Verlag, Deutschlandweit zugänglich, Volltext: http://download.springer.com/static/pdf/457/art%253A10.1007%252Fs13127-014-0177-3.pdf?auth66=1424949984_6f7b94512a5b23b226594b50cc8bc572&ext=.pdf |
| Author Notes: | Tayebeh Arbabi, Javier Gonzalez, Michael Wink |
MARC
| LEADER | 00000caa a22000002c 4500 | ||
|---|---|---|---|
| 001 | 1496775708 | ||
| 003 | DE-627 | ||
| 005 | 20220811193447.0 | ||
| 007 | cr uuu---uuuuu | ||
| 008 | 150226s2014 xx |||||o 00| ||eng c | ||
| 024 | 7 | |a 10.1007/s13127-014-0177-3 |2 doi | |
| 035 | |a (DE-627)1496775708 | ||
| 035 | |a (DE-576)426775708 | ||
| 035 | |a (DE-599)BSZ426775708 | ||
| 035 | |a (OCoLC)1340668779 | ||
| 040 | |a DE-627 |b ger |c DE-627 |e rakwb | ||
| 041 | |a eng | ||
| 084 | |a 32 |2 sdnb | ||
| 100 | 1 | |a Arbabi, Tayebeh |0 (DE-588)1054053774 |0 (DE-627)791015254 |0 (DE-576)409976431 |4 aut | |
| 245 | 1 | 0 | |a Mitochondrial evidence for genetic diversity and low phylogeographic differentiation in the Marsh Warbler Acrocephalus palustris (Aves: Acrocephalidae) |c Tayebeh Arbabi, Javier Gonzalez, Michael Wink |
| 264 | 1 | |c 2014 | |
| 300 | |a 9 | ||
| 336 | |a Text |b txt |2 rdacontent | ||
| 337 | |a Computermedien |b c |2 rdamedia | ||
| 338 | |a Online-Ressource |b cr |2 rdacarrier | ||
| 500 | |a Gesehen am 26.02.2014 | ||
| 700 | 1 | |a González, Javier |0 (DE-588)138976201 |0 (DE-627)703169793 |0 (DE-576)309274265 |4 aut | |
| 700 | 1 | |a Wink, Michael |d 1951- |0 (DE-588)124618146 |0 (DE-627)363448519 |0 (DE-576)164659390 |4 aut | |
| 773 | 0 | 8 | |i In |t Organisms, diversity & evolution |d [Erscheinungsort nicht ermittelbar] : Springer, 2001 |g 14(2014), 4, Seite 409-417-9 |h Online-Ressource |w (DE-627)325793190 |w (DE-600)2040179-6 |w (DE-576)259485691 |x 1618-1077 |7 nnas |a Mitochondrial evidence for genetic diversity and low phylogeographic differentiation in the Marsh Warbler Acrocephalus palustris (Aves: Acrocephalidae) |
| 773 | 1 | 8 | |g volume:14 |g year:2014 |g number:4 |g pages:409-417-9 |g extent:9 |a Mitochondrial evidence for genetic diversity and low phylogeographic differentiation in the Marsh Warbler Acrocephalus palustris (Aves: Acrocephalidae) |
| 856 | 4 | 0 | |u http://download.springer.com/static/pdf/457/art%253A10.1007%252Fs13127-014-0177-3.pdf?auth66=1424949984_6f7b94512a5b23b226594b50cc8bc572&ext=.pdf |x Verlag |z Deutschlandweit zugänglich |3 Volltext |
| 951 | |a AR | ||
| 992 | |a 20150226 | ||
| 993 | |a Article | ||
| 994 | |a 2014 | ||
| 998 | |g 138976201 |a González, Javier |m 138976201:González, Javier |d 160000 |d 160100 |e 160000PG138976201 |e 160100PG138976201 |k 0/160000/ |k 1/160000/160100/ |p 2 | ||
| 998 | |g 1054053774 |a Arbabi, Tayebeh |m 1054053774:Arbabi, Tayebeh |d 160000 |d 160100 |e 160000PA1054053774 |e 160100PA1054053774 |k 0/160000/ |k 1/160000/160100/ |p 1 |x j | ||
| 998 | |g 124618146 |a Wink, Michael |m 124618146:Wink, Michael |d 160000 |d 160100 |d 700000 |d 729400 |e 160000PW124618146 |e 160100PW124618146 |e 700000PW124618146 |e 729400PW124618146 |k 0/160000/ |k 1/160000/160100/ |k 0/700000/ |k 1/700000/729400/ |p 3 |y j | ||
| 999 | |a KXP-PPN1496775708 |e 2833843283 | ||
| BIB | |a Y | ||
| SER | |a journal | ||
| JSO | |a {"title":[{"title_sort":"Mitochondrial evidence for genetic diversity and low phylogeographic differentiation in the Marsh Warbler Acrocephalus palustris (Aves: Acrocephalidae)","title":"Mitochondrial evidence for genetic diversity and low phylogeographic differentiation in the Marsh Warbler Acrocephalus palustris (Aves: Acrocephalidae)"}],"id":{"doi":["10.1007/s13127-014-0177-3"],"eki":["1496775708"]},"type":{"media":"Online-Ressource","bibl":"article-journal"},"relHost":[{"note":["Gesehen am 28.01.22"],"origin":[{"dateIssuedKey":"2001","publisherPlace":"[Erscheinungsort nicht ermittelbar] ; Jena ; Jena","dateIssuedDisp":"2001-","publisher":"Springer ; Urban & Fischer ; Elsevier"}],"language":["eng"],"physDesc":[{"extent":"Online-Ressource"}],"pubHistory":["1.2001 -"],"recId":"325793190","part":{"text":"14(2014), 4, Seite 409-417-9","issue":"4","pages":"409-417-9","year":"2014","extent":"9","volume":"14"},"disp":"Mitochondrial evidence for genetic diversity and low phylogeographic differentiation in the Marsh Warbler Acrocephalus palustris (Aves: Acrocephalidae)Organisms, diversity & evolution","id":{"issn":["1618-1077"],"eki":["325793190"],"zdb":["2040179-6"]},"type":{"bibl":"periodical","media":"Online-Ressource"},"title":[{"title_sort":"Organisms, diversity & evolution","title":"Organisms, diversity & evolution","subtitle":"journal of the Gesellschaft für Biologische Systematik (GfBS)"}]}],"recId":"1496775708","language":["eng"],"origin":[{"dateIssuedDisp":"2014","dateIssuedKey":"2014"}],"person":[{"given":"Tayebeh","display":"Arbabi, Tayebeh","role":"aut","family":"Arbabi"},{"family":"González","given":"Javier","display":"González, Javier","role":"aut"},{"family":"Wink","given":"Michael","role":"aut","display":"Wink, Michael"}],"name":{"displayForm":["Tayebeh Arbabi, Javier Gonzalez, Michael Wink"]},"physDesc":[{"extent":"9 S."}],"note":["Gesehen am 26.02.2014"]} | ||
| SRT | |a ARBABITAYEMITOCHONDR2014 | ||